Parenting With Scripture : (Record no. 5234)
[ view plain ]
| 000 -LEADER | |
|---|---|
| fixed length control field | 01789nam a22003017a 4500 |
| 001 - CONTROL NUMBER | |
| control field | 5234 |
| 003 - CONTROL NUMBER IDENTIFIER | |
| control field | FISKH |
| 005 - DATE AND TIME OF LATEST TRANSACTION | |
| control field | 20241120140836.0 |
| 008 - FIXED-LENGTH DATA ELEMENTS--GENERAL INFORMATION | |
| fixed length control field | 241120b cb ||||| |||| 00| 0 eng d |
| 020 ## - INTERNATIONAL STANDARD BOOK NUMBER | |
| International Standard Book Number | 9780802408495 |
| 040 ## - CATALOGING SOURCE | |
| Original cataloging agency | FISKH |
| Language of cataloging | eng |
| Transcribing agency | FISKH |
| Modifying agency | FISKH |
| 050 ## - LIBRARY OF CONGRESS CALL NUMBER | |
| Classification number | BV1590.D87 |
| 082 ## - DEWEY DECIMAL CLASSIFICATION NUMBER | |
| Classification number | 248.845 |
| 100 ## - MAIN ENTRY--PERSONAL NAME | |
| Personal name | Durbin, Kara |
| 245 ## - TITLE STATEMENT | |
| Title | Parenting With Scripture : |
| Remainder of title | A Topical Guide for Teachable Moments / |
| Statement of responsibility, etc. | by Kara Durbin |
| 260 ## - PUBLICATION, DISTRIBUTION, ETC. | |
| Place of publication, distribution, etc. | Chicago : |
| Name of publisher, distributor, etc. | Moody Publshiers ; |
| Date of publication, distribution, etc. | 2012. |
| 300 ## - PHYSICAL DESCRIPTION | |
| Extent | 246 pages : |
| Other physical details | illustrations ; |
| Dimensions | 22 cm . |
| 505 ## - FORMATTED CONTENTS NOTE | |
| Formatted contents note | S <br/> |
| 520 ## - SUMMARY, ETC. | |
| Summary, etc. | Family & Relationships. Christian Nonfiction. Religion & Spirituality. Nonfiction. HTML:<br/>Parenting with Scripture is an easy to use topical resource that parents with young children can use when teachable moments arise. This effective guide helps teach young children how to think and apply God's Word in their daily lives. Kara Durbin's revised book helps parents capture those teachable moments and use Scripture to shape their children's behavior.<br/><br/>The 101 alphabetically sorted topics address behavior, attitude, emotions, and actions. Examples include Forgiveness, Humility, Anger and Procrastination. Each topic includes scripture passages, discussion questions, action items, and parenting tips. Questions and tips are written so older children can teach younger children. This new edition of Parenting with Scripture includes detailed help for parents to quickly identify teachable moments, and what to do when they appear. |
| 521 8# - TARGET AUDIENCE NOTE | |
| Target audience note | 790 <br/> |
| Source | Lexile <br/> |
| 521 8# - TARGET AUDIENCE NOTE | |
| Target audience note | S <br/> |
| Source | Raz-Plus <br/> |
| 650 ## - SUBJECT ADDED ENTRY--TOPICAL TERM | |
| Topical term or geographic name entry element | Scripture |
| Form subdivision | non-fiction |
| 650 ## - SUBJECT ADDED ENTRY--TOPICAL TERM | |
| Topical term or geographic name entry element | Christian living |
| Form subdivision | non-fiction |
| 650 ## - SUBJECT ADDED ENTRY--TOPICAL TERM | |
| Topical term or geographic name entry element | parenting |
| Form subdivision | non-fiction |
| 700 ## - ADDED ENTRY--PERSONAL NAME | |
| Personal name | LaPlaca, Ammette |
| Relator term | editor |
| 942 ## - ADDED ENTRY ELEMENTS (KOHA) | |
| Source of classification or shelving scheme | Dewey Decimal Classification |
| Koha item type | Books |
| Suppress in OPAC | No |
| Withdrawn status | Lost status | Source of classification or shelving scheme | Damaged status | Not for loan | Collection | Home library | Current library | Shelving location | Date acquired | Total Checkouts | Full call number | Barcode | Date last seen | Price effective from | Koha item type |
|---|---|---|---|---|---|---|---|---|---|---|---|---|---|---|---|
| Dewey Decimal Classification | Non-Fiction | Footprints International School Library Network Toul Kork Campus | Footprints International School Library Network Toul Kork Campus | TTP Secondary Non-Fiction Bookshelves | 11/20/2024 | DUR 248.845 BV1590.D87 | FISSE04416 | 11/20/2024 | 11/20/2024 | Books |
